Dharaṇikośa. (Record no. 86470)
[ view plain ]
| 000 -LEADER | |
|---|---|
| fixed length control field | 01060cam a22003131 4500 |
| 001 - CONTROL NUMBER | |
| control field | sa 68015458 |
| 003 - CONTROL NUMBER IDENTIFIER | |
| control field | DLC |
| 005 - DATE AND TIME OF LATEST TRANSACTION | |
| control field | 20260227112644.0 |
| 008 - FIXED-LENGTH DATA ELEMENTS--GENERAL INFORMATION | |
| fixed length control field | 790620m19689999ii b 000 0 san |
| 010 ## - LIBRARY OF CONGRESS CONTROL NUMBER | |
| LC control number | sa 68015458 |
| 025 ## - OVERSEAS ACQUISITION NUMBER | |
| Overseas acquisition number | PL480:I-San-1166 |
| 035 ## - SYSTEM CONTROL NUMBER | |
| System control number | (OCoLC)5087081 |
| 040 ## - CATALOGING SOURCE | |
| Original cataloging agency | DLC |
| Transcribing agency | MH |
| Modifying agency | DLC |
| 041 0# - LANGUAGE CODE | |
| Language code of text/sound track or separate title | saneng |
| 042 ## - AUTHENTICATION CODE | |
| Authentication code | premarc |
| 050 00 - LIBRARY OF CONGRESS CALL NUMBER | |
| Classification number | PK925 |
| Item number | .D5 |
| 100 0# - MAIN ENTRY--PERSONAL NAME | |
| Personal name | Dharaṇidāsa. |
| 245 10 - TITLE STATEMENT | |
| Title | Dharaṇikośa. |
| Statement of responsibility, etc. | Edited by Ekanath Dattatreya Kulkarni. |
| 250 ## - EDITION STATEMENT | |
| Edition statement | [1st ed.] |
| 260 ## - PUBLICATION, DISTRIBUTION, ETC. | |
| Place of publication, distribution, etc. | Poona |
| Name of publisher, distributor, etc. | [Deccan College Postgraduate and Research Institute] |
| Date of publication, distribution, etc. | 1968- |
| 300 ## - PHYSICAL DESCRIPTION | |
| Extent | v. |
| Dimensions | 22 cm. |
| 490 1# - SERIES STATEMENT | |
| Series statement | Deccan College building centenary and silver jubilee series, |
| Volume/sequential designation | 9 |
| 500 ## - GENERAL NOTE | |
| General note | "500 copies." |
| 500 ## - GENERAL NOTE | |
| General note | In Sanskrit; introductory matter in English. |
| 504 ## - BIBLIOGRAPHY, ETC. NOTE | |
| Bibliography, etc. note | Bibliographical footnotes. |
| 650 #0 - SUBJECT ADDED ENTRY--TOPICAL TERM | |
| Topical term or geographic name entry element | Sanskrit language |
| General subdivision | Homonyms. |
| 700 1# - ADDED ENTRY--PERSONAL NAME | |
| Personal name | Kulkarni, Ekanath Dattatreya, |
| Relator term | ed. |
| 810 2# - SERIES ADDED ENTRY--CORPORATE NAME | |
| Corporate name or jurisdiction name as entry element | Deccan College Post-graduate and Research Institute. |
| Title of a work | Deccan College building centenary and silver jubilee series ; |
| Volume/sequential designation | 9. |
No items available.